000 00687nam a2200289Ia 4500
005 20260324134410.0
008 008 260324s9999 xx 000 0 eng d
020 _a9780429237942
037 _aEBOOK
040 _aCRL
040 _beng
040 _cCRL
041 _2eng
041 _aeng
084 _qCRL
100 _aStephen Eric Bronner
_91067627
245 0 _aImagining the Possible
245 0 _bRadical Politics for Conservative Times
260 _bTaylor and Francis
260 _c2002
365 _a
365 _b200
856 _uhttp://www.taylorfrancis.com/books/9780429237942
942 _cEBOOK
999 _c1796728
_d1796728